=LDR 00000nam 2200000 4500 =001 NUTBA000000000003608 =005 20140822105942.0 =006 =007 =008 =020 ##$$a 978-979-728-824-2 =035 ##$$a 0010-081400000000453 =040 ##$$a NBPDMAT =082 ##$$a 510 =090 ##$$a 510 $b Mar a =100 ##$$a Mardhianto Widyo =245 ##$$a Aktivitas utama matematika v semester 1 / $c Penyusun Mardhianto Widyo =250 ##$$a Cet.1 =260 ##$$a Jakarta : $b Pustaka Widya Utama, $c 2010 =300 ##$$a 72 hlm. ; $c 29 cm. =500 ##$$a Bibliografi : hlm.72 =650 ##$$a Matematika - SMP =850 ##$$a NBPDMAT =990 ##$$a 21407462